Statistics for Guess The Countries By The Picture

Click here to take the quiz!

General Stats

  • This quiz has been taken 57 times
  • The average score is 9 of 12

Answer Stats

Answer% Correct
Egypt
95%
India
95%
United Kingdom
93%
Nepal
88%
China
79%
United States
79%
Switzerland
67%
Poland
60%
Austria
58%
Mexico
58%
Ireland
53%
Panama
26%

Score Distribution

Percentile by Number Answered

Percent of People with Each Score

Your Score History

You have not taken this quiz